| 000 | 01869nam a2200373 a 4500 | ||
|---|---|---|---|
| 001 | ebr10516888 | ||
| 003 | CaPaEBR | ||
| 006 | m u | ||
| 007 | cr cn||||||||| | ||
| 008 | 091123s2010 nyua sb 001 0deng d | ||
| 010 | _z 2009048246 | ||
| 020 | _z9781433108761 (hardcover alk. paper) | ||
| 020 | _z1433108763 (hardcover alk. paper) | ||
| 020 | _z9781453900284 (e-book) | ||
| 040 |
_aCaPaEBR _cCaPaEBR |
||
| 035 | _a(OCoLC)774287335 | ||
| 050 | 1 | 4 |
_aPG3458.Z9 _bL3537 2010eb |
| 082 | 0 | 4 |
_a891.72/3 _222 |
| 100 | 1 | _aLapushin, Radislav. | |
| 245 | 1 | 0 |
_a"Dew on the grass" _h[electronic resource] : _bthe poetics of inbetweenness in Chekhov / _cRadislav Lapushin. |
| 260 |
_aNew York : _bPeter Lang, _cc2010. |
||
| 300 |
_axiv, 210 p. : _bill. |
||
| 490 | 1 |
_aMiddlebury studies in Russian language and literature, _x0888-8752 ; _vv. 32 |
|
| 504 | _aIncludes bibliographical references (p. [191]-203) and index. | ||
| 505 | 0 | _apt. 1. The concept of inbetweenness and the poetry of Chekhov's prose -- pt. 2. Amidst the shades of meaning : the immediate textual context -- pt. 3. Amidst the shades of meaning : the context of the entire work -- pt. 4. Between the "ocean" and the "sky" : Chekhov's spatial rhymes. | |
| 533 |
_aElectronic reproduction. _bPalo Alto, Calif. : _cebrary, _d2013. _nAvailable via World Wide Web. _nAccess may be limited to ebrary affiliated libraries. |
||
| 600 | 1 | 0 |
_aChekhov, Anton Pavlovich, _d1860-1904 _xCriticism and interpretation. |
| 600 | 1 | 0 |
_aChekhov, Anton Pavlovich, _d1860-1904 _xLiterary style. |
| 650 | 0 | _aIntermediality. | |
| 655 | 7 |
_aElectronic books. _2local |
|
| 710 | 2 | _aebrary, Inc. | |
| 830 | 0 |
_aMiddlebury studies in Russian language and literature ; _vv. 32. |
|
| 856 | 4 | 0 |
_uhttp://site.ebrary.com/lib/rucke/Doc?id=10516888 _zAn electronic book accessible through the World Wide Web; click to view |
| 999 |
_c120746 _d120746 |
||